Kvantitatívno-kvalitatívne posuny v interkontinentálnej migrácii v Európe
Medzinárodná migrácia a jej vplyv na politické dianie v európskych krajinách. Medzinárodná migrácia ako politické a bezpečnostné riziko. Antimigračne naladená verejná mienka i politické elity v Európe. Najviac migrantov v Rusku, Nemecku a na Ukrajine. Nárast nelegálnej migrácie. Vývoj počtu žiadateľ...
Enregistré dans:
| Auteur principal: | |
|---|---|
| Format: | Chapitre de livre |
| Langue: | slovaque |
| Sujets: | |
| Tags: |
Pas de tags, Soyez le premier à ajouter un tag!
|
MARC
| LEADER | 00000naa$a2200000$$$4500 | ||
|---|---|---|---|
| 001 | 0110517 | ||
| 005 | 20240502083256.5 | ||
| 041 | 0 | |a slo | |
| 044 | |a CZ | ||
| 245 | 1 | 0 | |a Kvantitatívno-kvalitatívne posuny v interkontinentálnej migrácii v Európe |c Ján Liďák |
| 520 | |a Medzinárodná migrácia a jej vplyv na politické dianie v európskych krajinách. Medzinárodná migrácia ako politické a bezpečnostné riziko. Antimigračne naladená verejná mienka i politické elity v Európe. Najviac migrantov v Rusku, Nemecku a na Ukrajine. Nárast nelegálnej migrácie. Vývoj počtu žiadateľov o azyl vo vybraných krajinách Európy v rokoch 1991-2000. Dočasní migranti. Mobilita študentov. Krátkodobé migračné pohyby v krajinách V4. Potreba prijímať opatrenia na potlačenie príčin migrácie. | ||
| 610 | 2 | 0 | |a migrácia |
| 610 | 2 | 0 | |a pohyb síl pracovných medzinárodný |
| 610 | 2 | 0 | |a trh práce |
| 610 | 2 | 0 | |a politika azylová |
| 610 | 2 | 0 | |a Európa |
| 610 | 2 | 0 | |a riziko bezpečnostné |
| 100 | 1 | |a Liďák, Ján | |